Convertirnos a la religión del cambio (Registro nro. 18398)

Detalles MARC
000 -LEADER
fixed length control field 00394 a2200109 4500
001 - CONTROL NUMBER
control field ART_42752
005 - DATE AND TIME OF LATEST TRANSACTION
control field 20260410161737.0
008 - FIXED-LENGTH DATA ELEMENTS--GENERAL INFORMATION
fixed length control field 260409a
100 1# - MAIN ENTRY--PERSONAL NAME
Personal name Austin, James
245 10 - TITLE STATEMENT
Title Convertirnos a la religión del cambio
773 0# - HOST ITEM ENTRY
Title Ejecutivos de finanzas
Related parts Impacto de la revolución tecnológica en la economía y los negocios - Año 12, Nº 132 (dic. 1996)
Record control number REV2863

No hay ítems disponibles.